[Event "4NCL 2021-22"]
[Site "England"]
[Date "2022.02.12"]
[Round "3.11"]
[White "Bobras, Piotr"]
[Black "Arkell, Keith C"]
[Result "1/2-1/2"]
[WhiteElo "2500"]
[BlackElo "2380"]
[Annotator "TA"]
[PlyCount "44"]
[EventDate "2021.11.27"]
[EventType "team-tourn"]
[EventCountry "ENG"]
[SourceTitle "playchess.com"]
[Source "ChessBase"]
[SourceQuality "1"]

{[%evp 21,44,43,42,52,49,55,49,45,51,39,47,25,36,29,23,0,0,0,0,-15,-10,-22,-19,-25,-17]} 1. e4 e6 2. d4 d5 3. Nc3 dxe4 4. Nxe4 Bd7 5. Nf3 Bc6 6. Bd3 Nd7 7. O-O Ngf6 8. Ng3 Be7 9. Qe2 Bxf3 10. Qxf3 c6 11. b3 {is the legacy move (11.c3).} O-O 12. Bb2 {C10: French with 3 Nc3: Unusual Black 3rd moves and 3...dxe4.} Re8 13. c4 Bf8 14. Rfe1 {White is slightly better.} g6 15. Rad1 Bg7 16. Bc2 {[#]} Qc7 $146 ({Predecessor:} 16... Nb6 17. Bc1 Nbd7 18. a3 Qc8 19. Bg5 a5 20. h4 h5 21. Re2 a4 22. b4 Nh7 {1-0 (49) Solodovnichenko,Y (2571)-Mithil,A (2219) Chennai 2018}) 17. h3 b5 18. c5 Nd5 {[%cal Od7c5]} 19. Ne4 N7f6 20. Nd6 Red8 21. Bc1 Ne8 22. Nxe8 Rxe8 {Weighted Error Value: White=0.09 (flawless) /Black=0.01 (flawless)} 1/2-1/2

[Event "4NCL 2021-22"]
[Site "England"]
[Date "2022.02.12"]
[Round "3.12"]
[White "Kirk, Ezra"]
[Black "Jaracz, Pawel"]
[Result "1/2-1/2"]
[WhiteElo "2438"]
[BlackElo "2459"]
[Annotator "TA"]
[PlyCount "74"]
[EventDate "2021.11.27"]
[EventType "team-tourn"]
[EventCountry "ENG"]
[SourceTitle "playchess.com"]
[Source "ChessBase"]
[SourceQuality "1"]

{[%evp 9,74,15,23,24,25,-8,-16,-18,0,0,0,0,0,0,0,0,0,10,4,2,3,-8,0,-42,-4,-21,-6,-5,-10,-12,0,0,0,-40,-47,-47,0,0,0,0,0,0,0,0,0,0,31,-37,-16,-15,-14,-53,0,-30,-18,-59,-54,-57,-51,-65,-56,-50,-54,-58,-68,-60,-9]} 1. e4 c5 2. Nf3 d6 3. Bb5+ Nd7 4. Ba4 Ngf6 5. O-O g6 6. Re1 {B51: Sicilian: Moscow Variation (3 Bb5+) without 3...Bd7.} Bg7 7. c4 O-O 8. Nc3 {The position is equal.} Nb6 {[#]} 9. Bb3 $146 ({Predecessor:} 9. d3 Nxa4 10. Qxa4 Bd7 11. Qc2 a6 12. a4 Ng4 13. h3 Ne5 14. Nxe5 dxe5 15. Be3 {1-0 (34) Stoleriu,G (2373)-Ileana,G (2304) Mamaia 2021}) 9... Bg4 10. h3 Bxf3 11. Qxf3 Nfd7 12. d3 Ne5 13. Qg3 e6 14. Bf4 Nc8 {[%cal Bb6c8,Bc8a7,Ba7c6,Bc6d4][%mdl 32]} 15. Ba4 a6 16. h4 (16. Rab1 $11) 16... Na7 17. Bg5 Qb6 18. Rab1 {[%cal Oh4h5]} h5 19. Bd1 Nac6 20. Bd2 Nd4 21. f4 {[%cal Bf2f4,Bf4f5][%mdl 32]} Nec6 22. Rf1 {[%cal Of4f5]} Kh7 (22... Qd8 $15 {deserves consideration.}) 23. f5 $11 Qd8 24. Bg5 Be5 $1 25. Qh3 f6 26. fxg6+ Kxg6 27. Be3 Rh8 28. Ne2 ({White should try} 28. b4 $14) 28... Nxe2+ $1 $15 29. Bxe2 {This bishop pair is nice.} Kf7 30. Rf2 {[%cal Ob2b4]} Ke7 ({Better is} 30... Qe7 $15) 31. Rbf1 {[%cal Oe3g5]} Qg8 {Prevents Bg5.} 32. Kh1 (32. Bf4 $11 {might be stronger.}) 32... Rf8 {Black is slightly better.} 33. g4 hxg4 34. Bxg4 Bd4 35. Bxd4 Nxd4 36. Rg2 Qh7 37. h5 Rhg8 {Weighted Error Value: White=0.13 (very precise) /Black=0.07 (flawless)} (37... Qh6 $15) 1/2-1/2

[Event "4NCL 2021-22"]
[Site "England"]
[Date "2022.02.12"]
[Round "3.13"]
[White "Cyborowski, Lukasz"]
[Black "Pert, Richard G"]
[Result "1/2-1/2"]
[WhiteElo "2494"]
[BlackElo "2415"]
[Annotator "TA"]
[PlyCount "28"]
[EventDate "2021.11.27"]
[EventType "team-tourn"]
[EventCountry "ENG"]
[SourceTitle "playchess.com"]
[Source "ChessBase"]
[SourceQuality "1"]

{[%evp 9,28,8,12,18,18,18,11,11,19,17,21,12,13,2,17,10,28,10,33,6,13]} 1. Nf3 d5 2. d4 Nf6 3. c4 e6 4. e3 a6 5. b3 c5 6. Bb2 {D30: Queen's Gambit Declined: Systems without Nc3.} cxd4 7. exd4 b6 8. Bd3 Bb7 9. O-O Nbd7 10. Nc3 Be7 11. Qe2 O-O 12. Rac1 Ra7 {[#]} 13. Nd2 $146 ({Predecessor:} 13. Ne5 dxc4 14. Bxc4 b5 15. Bd3 Nb6 16. Rfd1 Nbd5 17. Nxd5 Qxd5 18. f3 Qd6 19. Bb1 {½-½ (45) Straub,P (2168)-Rooze,J (2321) Rijeka 2011}) 13... Re8 14. Rfe1 Nf8 {Not much happened in this game.  Weighted Error Value: White=0.09 (flawless) /Black=0.04 (flawless)} 1/2-1/2

[Event "4NCL 2021-22"]
[Site "England"]
[Date "2022.02.12"]
[Round "3.15"]
[White "Kolbus, Dietmar"]
[Black "Boswell, Jacob Connor"]
[Result "1-0"]
[WhiteElo "2305"]
[BlackElo "2053"]
[Annotator "ChessBase"]
[PlyCount "61"]
[EventDate "2021.11.27"]
[EventType "team-tourn"]
[EventCountry "ENG"]
[SourceTitle "playchess.com"]
[Source "ChessBase"]
[SourceQuality "1"]
[TimeControl "40/6000+30:3000+30"]

1. c4 {[%emt 0:00:03]} e5 {[%emt 0:02:28]} 2. Nc3 {[%emt 0:01:13]} Nf6 {[%emt 0:00:52]} 3. Nf3 {[%emt 0:00:22]} Nc6 {[%emt 0:00:26]} 4. e3 {[%emt 0:00:41]} d5 {[%emt 0:06:21]} 5. cxd5 {[%emt 0:00:14]} Nxd5 {[%emt 0:00:18]} 6. Bb5 {[%emt 0:00:09]} Nxc3 {[%emt 0:15:41]} 7. bxc3 {[%emt 0:00:09]} Bd6 {[%emt 0:01:02]} 8. d4 {[%emt 0:00:13]} Bd7 {[%emt 0:05:39]} 9. e4 {[%emt 0:18:35]} O-O {[%emt 0:12:53]} 10. Bxc6 {[%emt 0:08:33]} Bxc6 {[%emt 0:01:53]} 11. dxe5 {[%emt 0:00:46]} Be7 {[%emt 0:06:48]} 12. Qe2 {[%emt 0:00:23]} f5 {[%emt 0:09:17]} 13. exf5 {[%emt 0:20:03]} Qd5 {[%emt 0:05:54]} 14. Nd4 {[%emt 0:26:02]} Qxg2 {[%emt 0:04:23]} 15. Rf1 {[%emt 0:00:06]} Qh3 {[%emt 0:17:19]} 16. Qc4+ {[%emt 0:04:42]} Kh8 {[%emt 0:03:06]} 17. Nxc6 {[%emt 0:01:32]} bxc6 {[%emt 0:00:06]} 18. f6 {[%emt 0:06:58]} gxf6 {[%emt 0:00:43]} 19. exf6 {[%emt 0:00:22]} Bxf6 {[%emt 0:01:38]} 20. Be3 {[%emt 0:00:07]} Rad8 {[%emt 0:01:47]} 21. Rg1 {[%emt 0:08:11]} Qxh2 {[%emt 0:02:48]} 22. Ke2 {[%emt 0:01:33]} Qh5+ {[%emt 0:01:06]} 23. Rg4 {[%emt 0:01:04]} Rd4 {[%emt 0:07:18]} 24. Qxd4 {[%emt 0:00:20]} h6 {[%emt 0:02:11]} 25. Qc4 {[%emt 0:00:39]} Qf5 {[%emt 0:00:31]} 26. Rh1 {[%emt 0:03:44]} Qc2+ {[%emt 0:00:20]} 27. Kf1 {[%emt 0:00:22]} Bg5 {[%emt 0:00:34]} 28. Qd4+ {[%emt 0:00:56]} Kg8 {[%emt 0:00:28]} 29. Rxg5+ {[%emt 0:00:39]} hxg5 {[%emt 0:00:11]} 30. Rh8+ {[%emt 0:00:16]} Kf7 {[%emt 0:00:10]} 31. Qd7+ {[%emt 0:00:22]} 1-0

[Event "4NCL 2021-22"]
[Site "England"]
[Date "2022.02.12"]
[Round "3.17"]
[White "Zakarian, David"]
[Black "Hebden, Mark L"]
[Result "1-0"]
[WhiteElo "2316"]
[BlackElo "2455"]
[Annotator "TA"]
[PlyCount "117"]
[EventDate "2021.11.27"]
[EventType "team-tourn"]
[EventCountry "ENG"]
[SourceTitle "playchess.com"]
[Source "ChessBase"]
[SourceQuality "1"]

{[%evp 18,117,-14,-16,-7,-11,155,67,50,50,116,126,216,195,195,199,183,187,179,188,190,188,276,255,243,221,224,204,367,360,426,423,472,472,456,496,483,450,515,517,513,399,498,513,514,504,499,482,468,602,608,589,551,556,640,450,439,431,388,195,187,176,188,104,108,106,100,98,90,93,120,91,125,97,201,209,174,8,8,8,8,8,8,0,0,0,631,559,1158,802,29968,29969,29969,29970,29968,29970,29970,29970,29969,29971,8500,5634]} 1. e4 e5 2. f4 exf4 3. Bc4 d5 4. Bxd5 Qh4+ 5. Kf1 g5 6. Nf3 Qh5 7. Nc3 Bg7 8. d4 Ne7 9. h4 h6 10. Qd3 c6 {C33: King's Gambit Accepted: 3 Nc3 and 3 Bc4.} 11. Bb3 {[#]} g4 $146 ({Better is} 11... Bg4 $11) ({Predecessor:} 11... O-O 12. Ne2 Be6 13. Kg1 Qg6 14. hxg5 hxg5 15. Bxf4 Bxb3 16. Bxg5 Bc4 17. Qxc4 Qxe4 18. Nc3 b5 19. Nxe4 bxc4 20. Bxe7 Re8 21. Nf6+ Bxf6 22. Bxf6 {1-0 (22) Lipschuetz,S-Ettlinger,A New York 1891}) 12. Ne5 (12. Bxf4 gxf3 13. gxf3 Ng6 $15) (12. Ng1 $16) 12... Bxe5 $14 {White is slightly better.} 13. dxe5 Be6 ({Black should try} 13... Ng6 $14) 14. Bxf4 $16 {White is more active.} Nd7 (14... Ng6 $16) 15. Qd6 $1 $18 Nc8 16. Qc7 Ncb6 17. g3 O-O 18. Rd1 Nc5 19. Qe7 Bxb3 (19... Nxb3 $142 20. axb3 (20. cxb3 Rab8 $18) 20... Rab8) 20. axb3 (20. cxb3 Ne6 21. Qxb7 f6 $18) 20... Ne6 21. Qf6 (21. Qxb7 f6) 21... Rad8 22. Kf2 (22. Qxh6 Nxf4 23. Qxf4 Nd7) (22. Bxh6 Rxd1+ 23. Nxd1 Nd7 $17) 22... Nd7 $2 (22... Kh7 23. Be3 Rfe8 24. Rxd8 Rxd8) 23. Qf5 Qg6 24. h5 Qh7 25. Rh4 (25. Qxg4+ Qg7 26. Qf5 Ndc5 $18) 25... Ng5 26. Rxg4 (26. Qxg4 f6 27. e6 Ne5 $14) 26... f6 27. e6 Ne5 {[#] aiming for ...Qxf5.} 28. Rxg5+ fxg5 29. Qxh7+ (29. Qxe5 Rxd1 30. Nxd1 Qe7 $18) 29... Kxh7 {[#]} 30. e7 $1 {[%csl LRd8,LRf8]} Rde8 (30... Rc8 31. exf8=B) 31. exf8=N+ Rxf8 {[#]} 32. Ne2 Ng4+ (32... Rf7 33. Rd6) 33. Kf3 Ne5+ 34. Kg2 gxf4 35. gxf4 {[%mdl 4096] Endgame KRN-KRN} Rg8+ 36. Kh3 Ng4 {...Nf2+ is the strong threat.} 37. Rd7+ Kh8 38. Ng3 (38. Re7 $142) 38... Nf2+ 39. Kh2 Ng4+ {[#]} 40. Kg2 ({White should play} 40. Kh1 $1 $18) 40... Nf6 $16 {[%csl LRd7,LRe4,LRh5]} 41. Rd3 ({Weaker is} 41. Rxb7 Nxe4 42. Rxa7 Nxg3 $15) 41... Nxh5 42. Rf3 Rg4 43. Kh3 {[%csl LRg4,LRh5]} Rxf4 44. Rxf4 Nxf4+ {KN-KN} 45. Kg4 Ng6 (45... Ne6 $16 {is a better defense.}) 46. Kf5 $18 Kg7 {[#]} 47. Ke6 (47. e5 $1 $18) 47... Nf4+ $1 $11 48. Kd6 h5 49. e5 {And now e6 would win.} Kf7 {To avoid e6+} 50. Kd7 h4 51. Ne4 h3 $2 {[%mdl 8192]} (51... c5 $11) 52. Ng5+ $18 Kg7 {[#] Threatens to win with ...h2.} 53. Nxh3 {[%mdl 512]} Nxh3 {KN-KP} (53... Nh5 54. e6) 54. e6 Nf4 55. e7 Nd5 56. e8=Q Nf6+ 57. Ke7 Nxe8 58. Kxe8 Kf6 59. Kd7 {Weighted Error Value: White=0.19 (very precise) /Black=0.56} 1-0

[Event "4NCL 2021-22"]
[Site "England"]
[Date "2022.02.12"]
[Round "3.18"]
[White "Wadsworth, Matthew J"]
[Black "Mihov, Filip"]
[Result "1/2-1/2"]
[WhiteElo "2435"]
[BlackElo "2243"]
[Annotator "TA"]
[PlyCount "70"]
[EventDate "2021.11.27"]
[EventType "team-tourn"]
[EventCountry "ENG"]
[SourceTitle "playchess.com"]
[Source "ChessBase"]
[SourceQuality "1"]

{[%evp 14,70,6,12,10,9,10,6,20,14,18,14,37,32,36,0,0,0,0,-6,0,-34,-47,-41,-14,-14,0,6,26,-40,-37,-37,-39,-34,-34,-37,-40,-81,-62,-61,-56,-101,-20,-24,-1,0,0,0,0,0,0,0,0,0,0,0,0,0,0]} 1. c4 g6 2. g3 Bg7 3. Bg2 f5 4. Nf3 Nf6 5. O-O O-O 6. Nc3 d6 7. d3 e5 8. b4 a5 {A21: English Opening: 1...e5 2 Nc3.} 9. b5 Nbd7 10. Rb1 Nc5 {[#]} 11. Ba3 $146 {[%cal Of3e5] With the idea Nxe5!} ({Predecessor:} 11. Qc2 Ne6 12. e3 g5 13. Nd2 f4 14. Nd5 g4 15. Nxf6+ Bxf6 16. Bd5 Kg7 17. gxf4 exf4 {0-1 (52) Smit,F (2061)-Troia,E (2224) ICCF email 2009}) 11... Ne6 12. Nd5 h6 13. Nd2 Rb8 14. b6 (14. e3 $14) 14... c6 $11 15. Nxf6+ Rxf6 16. c5 Nxc5 17. Bxc5 dxc5 18. Qc2 Be6 19. Nc4 Rf7 20. Nxa5 {[%cal Og2c6]} Ra8 21. Nb3 (21. Qxc5 $11 e4 22. dxe4) 21... c4 $36 {[%mdl 2048] Black is more active.} 22. Nc5 {[#]} cxd3 $1 23. exd3 Bd5 24. Bxd5 Qxd5 25. Qc4 (25. a4 $15) 25... Rxa2 26. Qxd5 cxd5 27. Ne6 {[#]} (27. Rfc1 $15 {feels stronger.}) 27... Rd7 ({Black should play} 27... Re7 $1 $17 {[%cal Re7e6]} 28. Nc7 Rd7) 28. Rfc1 $1 $11 {Strongly threatening Rc7.} Kf7 (28... Re7 $5 {[%cal Re7e6]} 29. Nxg7 Kxg7 $15) 29. Nxg7 {The position is equal.} Kxg7 30. Rc7 Rxc7 31. bxc7 {KR-KR} Rc2 32. Rxb7 Kf6 33. Rb6+ Kf7 34. Rb7 Ke6 35. Rb6+ Kf7 {Weighted Error Value: White=0.10 (very precise) /Black=0.13 (very precise)} 1/2-1/2

[Event "4NCL 2021-22"]
[Site "England"]
[Date "2022.02.12"]
[Round "3.19"]
[White "Cont, Arya"]
[Black "Clarke, Brandon G I"]
[Result "1-0"]
[WhiteElo "2148"]
[BlackElo "2430"]
[Annotator "TA"]
[PlyCount "25"]
[EventDate "2021.11.27"]
[EventType "team-tourn"]
[EventCountry "ENG"]
[SourceTitle "playchess.com"]
[Source "ChessBase"]
[SourceQuality "1"]

{[%evp 9,25,0,0,0,0,0,0,0,0,0,0,-18,-38,-32,-19,-23,-23,-39]} 1. b3 e5 {[%cal Be7e5,Be5e4][%mdl 32]} 2. Bb2 Nc6 3. e3 Nf6 4. Nf3 e4 5. Nd4 Bc5 6. Nxc6 {A01: Nimzowitsch-Larsen Opening.} dxc6 7. h3 {[#] 7.d3 is becoming the main line.} Qe7 $146 ({Predecessor:} 7... h5 8. a3 Bf5 9. d3 Rh6 10. d4 Be7 11. g3 Nh7 12. Bg2 Ng5 13. h4 Nf3+ 14. Bxf3 exf3 {½-½ (80) Nettelbeck,J (2442)-Lennartz,M (2573) Remote email 2011}) 8. d4 {The position is equal.} exd3 9. Bxd3 Bb4+ 10. Nd2 (10. c3 $5 {[%cal Rc3b4]} Bd6 11. Nd2 $11) 10... Ne4 $1 11. Bxe4 Qxe4 12. O-O Qg6 {next ...Bxh3 is good for Black.} 13. Kh1 $1 {[%mdl 32768] Weighted Error Value: White=0.03 (flawless) /Black=0.00 (flawless) . Sensor Board Error (Ke4/e5)?} 1-0

[Event "4NCL 2021-22"]
[Site "England"]
[Date "2022.02.12"]
[Round "3.20"]
[White "Kilpatrick, Callum"]
[Black "Dickinson, Tim"]
[Result "1-0"]
[WhiteElo "2409"]
[BlackElo "2047"]
[Annotator "TA"]
[PlyCount "101"]
[EventDate "2021.11.27"]
[EventType "team-tourn"]
[EventCountry "ENG"]
[SourceTitle "playchess.com"]
[Source "ChessBase"]
[SourceQuality "1"]

{[%evp 23,101,21,35,19,35,31,53,56,70,68,121,122,72,38,93,118,138,46,52,52,53,25,25,26,20,0,22,20,49,49,52,53,52,25,57,10,100,28,31,29,108,22,120,50,277,287,277,266,251,159,154,161,144,47,42,0,0,0,0,0,0,0,0,0,0,0,137,73,74,66,79,64,66,58,67,67,79,-5206,43,41]} 1. e4 e5 2. Nf3 Nc6 3. Bb5 {[%cal Bf1b5,Bb5a4,Ba4b3][%mdl 32]} a6 4. Ba4 Nf6 5. O-O Be7 6. Re1 b5 7. Bb3 O-O 8. d4 d6 9. c3 Bg4 10. Be3 Na5 11. dxe5 Bxf3 12. Qxf3 dxe5 13. Bc2 {C91: Closed Ruy Lopez: 7...d6 8 c3 0-0 9 d4.} Qd7 14. Nd2 Qg4 {[#]} 15. b4 $146 ({Predecessor:} 15. Rad1 c5 16. h3 Qxf3 17. Nxf3 Nc6 18. Rd2 Rad8 19. Red1 Rxd2 20. Rxd2 Rb8 21. Ne1 {½-½ (50) Cerdo Fernandez,M (1876)-Ferrer Agius,R (1716) Calvia 2020}) 15... Nc4 16. Nxc4 Qxf3 (16... bxc4 $14 17. a4 Rfd8) 17. gxf3 $16 bxc4 18. Bd1 c5 (18... a5 $14) 19. a3 $1 (19. Bxc5 $6 Bxc5 20. bxc5 Rfc8 $11) 19... a5 {[%cal Rc5b4]} 20. bxa5 (20. Bxc5 $6 Bxc5 21. bxc5 Rfc8 $11) (20. bxc5 $6 Rfc8 $11) (20. b5 $16) 20... Rxa5 $14 21. Be2 Rfa8 22. Bc1 Ra4 23. Bd1 R4a6 24. Be2 Ra4 25. Rb1 Nh5 {[%cal Bf6h5,Bh5f4,Bf4e6,Be6f4][%mdl 32]} 26. Rb7 $36 {[%mdl 2048] White has the initiative.} Bf8 27. Rd1 Nf4 28. Bf1 Ne6 29. Rd5 (29. Rdd7 $14) 29... f6 {[#]} (29... Rxa3 $11 30. Bxa3 Rxa3) 30. h4 {White is more active.} (30. Bh3 $1 $16 {[%cal Rh3e6]} R4a6 31. a4) 30... Nf4 $11 31. Rdd7 h5 (31... Nd3 $11 {remains equal.} 32. Bxd3 cxd3) 32. Kh2 (32. Bxf4 $16 exf4 33. Rd5) 32... Kh7 (32... Nd3 $1 $11 {keeps the balance.} 33. Bxd3 cxd3) 33. Kg3 ({White should play} 33. Bxf4 $16 exf4 34. Bh3) 33... Kg6 $2 (33... Nd3 $1 $14 34. Bxd3 cxd3) 34. Bxf4 $18 exf4+ 35. Kxf4 Rxa3 36. Bxc4 Rxc3 37. Bf7+ Kh6 {[#]} 38. Rd5 ({White should try} 38. Kg3 $1 $16) 38... g6 $1 $14 39. Rdd7 (39. Kg3 $1 $14 {is superior.} Raa3 40. Rd8 Rxf3+ 41. Kg2) 39... Raa3 $11 {[%csl Ga3][%cal Rc3f3]} 40. Kg3 {Intending Be8 and mate.} Rxf3+ 41. Kg2 Rf4 {[%csl LRe4,LRh4]} 42. Bd5 {[%csl Gb7][%cal Rd7h7]} g5 $1 (42... Rxh4 43. Rd8 $16) 43. Rh7+ Kg6 44. Rh8 {Threatens to win with Bf7+.} gxh4 (44... Raf3 $1 $11 45. Bf7+ (45. Rxf8 Rxf2+ 46. Kh1 Rf1+ 47. Kh2 R4f2+ 48. Kh3 Rf3+ 49. Kh2 R3f2+ 50. Kh3 Rf3+ 51. Kh2 R3f2+ $11) 45... Kg7 46. Rg8+ (46. Bxh5+ Kxh8 47. Bxf3 gxh4 $15) 46... Kh6 47. Rxf8 Rxf2+ 48. Kh1 (48. Kg1 Rf1+ 49. Kh2 R1f2+ 50. Kh1 Rf1+ 51. Kh2 R1f2+ 52. Kh1 Rf1+ 53. Kh2 $11) 48... Rf1+ 49. Kh2 R1f2+ 50. Kh1 (50. Kg1 Rf1+ 51. Kh2 R1f2+ 52. Kh1 Rf1+ 53. Kh2 $11) 50... Rf1+ 51. Kh2 R1f2+ 52. Kh1 (52. Kg1 Rf1+ 53. Kh2 $11)) 45. Rxf8 (45. Rg8+ $142 Kh6 46. Rxf8 h3+ 47. Kg1) 45... h3+ $16 46. Kh1 {[%cal Oe4e5] Hoping for e5!} Rxf2 {( -> ...Ra1+)} 47. Rg8+ Kh6 48. Rg1 {To avoid Ra1} h4 49. Rbg7 {White wants to mate with R1g6+.} Rg3 {To avoid R1g6+} 50. Rg5 {[%mdl 8192]} Rxg1+ $2 (50... fxg5 $19 51. e5 g4) 51. Rxg1 {Quite a comeback for White.  Weighted Error Value: White=0.41/Black=0.50} 1-0

[Event "4NCL 2021-22"]
[Site "England"]
[Date "2022.02.12"]
[Round "3.21"]
[White "Nataraj, Nakul"]
[Black "Golding, Alex"]
[Result "1-0"]
[WhiteElo "2115"]
[BlackElo "2331"]
[Annotator "TA"]
[PlyCount "91"]
[EventDate "2021.11.27"]
[EventType "team-tourn"]
[EventCountry "ENG"]
[SourceTitle "playchess.com"]
[Source "ChessBase"]
[SourceQuality "1"]

{[%evp 9,90,17,14,18,16,12,39,11,15,0,32,46,55,48,134,66,51,16,54,48,47,21,59,43,58,0,-6,-16,-29,-56,115,0,0,0,0,0,0,0,-4,-55,-43,-45,41,34,63,5,35,39,58,37,132,138,150,0,8,8,8,8,11,0,0,-17,425,416,399,371,600,610,616,608,583,581,2107,1948,29979,29980,29995,5943,29996,29997,29997,29998,29999]} 1. e4 e5 2. Nf3 Nc6 3. Bc4 Bc5 4. O-O d6 5. c3 Bb6 6. d3 {C50: Hungarian Defence and Giuoco Pianissimo.} h6 {Inhibits Ng5. is currently scoring better than 6...Nf6.} 7. Re1 Qf6 8. Be3 {White is slightly better.} (8. a4 {is more complex.} Bg4 9. b4 a6 10. Nbd2 Nge7 11. h3) 8... Nge7 9. Nbd2 {[#]} Bxe3 $146 (9... g5 $5 {[%cal Rg5g4]}) ({Predecessor:} 9... Ng6 10. Bb5 O-O 11. Nf1 Bg4 12. N1d2 Nf4 13. Bxb6 axb6 14. Re3 Ne7 15. g3 Ne6 {0-1 (27) Kobalia,M (2609)-Salgado Lopez,I (2605) Moscow 2019}) 10. fxe3 g5 11. Rf1 {[%cal Of3h4]} Qg6 {[#]} (11... Qg7 $14) 12. d4 ({Better is} 12. Nh4 $1 $16 {[%mdl 512]} gxh4 13. Bxf7+ Qxf7 14. Rxf7 Kxf7 15. Qf3+ Ke8 16. Qh5+ (16. Rf1 h3 $16) 16... Kd8 17. Qxh4) 12... f6 $14 13. Qe1 Bd7 14. b4 h5 15. Qf2 O-O-O 16. a4 $1 h4 17. Ne1 (17. a5 $1 $14) 17... Rdf8 $1 $11 18. a5 f5 19. b5 {[#]} Nb8 (19... fxe4 $1 $15 20. Qxf8+ (20. bxc6 Rxf2 21. cxd7+ Kxd7 $11) 20... Rxf8 21. Rxf8+ Nd8) 20. b6 (20. dxe5 $1 $16 Qh6 21. exf5 Rxf5 22. Ndf3) 20... cxb6 21. axb6 axb6 22. Bd3 Kc7 23. exf5 Bxf5 24. Bxf5 (24. Qe2 $1 $11) 24... Rxf5 $15 ({Of course not} 24... Qxf5 25. Qe2 Qe6 26. Rxf8 Rxf8 27. Nef3 $11) 25. Qe2 e4 ({Black should play} 25... Rxf1+ $15 26. Qxf1 exd4 27. exd4 Nbc6) 26. Nc2 $14 {[%cal Be1c2,Bc2a3,Ba3b5][%mdl 32] aiming for Rxf5.} Rxf1+ 27. Qxf1 (27. Rxf1 $14 Nbc6 28. Qg4) 27... Nbc6 28. c4 {[%mdl 1024] White has compensation.} d5 29. Na3 $1 {And now Nb5+ would win.} Qe6 (29... Kb8 $1 $14) 30. Nb5+ $16 Kd7 {[#]} 31. c5 (31. Nc3 $1 $16) 31... Qf5 $132 {[%mdl 2048] Black is not holding back} 32. Qe2 g4 $1 {[%cal Bg5g4,Bg4g3,Bg3h2][%mdl 32]} (32... bxc5 $2 33. Nb3 b6 34. dxc5 $18) 33. cxb6 {Black must now prevent Nb3.} g3 $1 34. Rf1 gxh2+ 35. Kh1 {The board is on fire.} Qh5 $2 {[%mdl 8192] [#] Black cannot hold the game after this.} (35... Qg6 $11 36. Qf2 Nb4) 36. Qf2 $1 $18 {Nb3 is the strong threat.} h3 37. g3 {Hoping for Qf4.} Rh6 $2 (37... Rf8 38. Qxf8 Qe2) 38. Nb3 {[%cal Bd2b3,Bb3c5,Bc5d7][%mdl 32]} Qf3+ 39. Qxf3 exf3 40. Nc5+ Kc8 41. Rxf3 Rh8 {Prevents Rf8+.} 42. Nd6+ Kb8 43. Nd7+ Ka8 44. Nb5 {[%cal Rb5c7] White mates.} Rc8 45. Rf8 Rxf8 46. Nc7# {Weighted Error Value: White=0.18 (very precise) /Black=0.62} 1-0

[Event "4NCL 2021-22"]
[Site "England"]
[Date "2022.02.12"]
[Round "3.22"]
[White "Grieve, Harry"]
[Black "Cole, James"]
[Result "1-0"]
[WhiteElo "2384"]
[BlackElo "2040"]
[Annotator "TA"]
[PlyCount "21"]
[EventDate "2021.11.27"]
[EventType "team-tourn"]
[EventCountry "ENG"]
[SourceTitle "playchess.com"]
[Source "ChessBase"]
[SourceQuality "1"]

{[%evp 9,21,18,27,26,29,29,36,17,32,2,11,13,46,62]} 1. e4 c6 2. d4 d5 3. f3 dxe4 4. fxe4 e5 5. Nf3 Bg4 6. c3 {B12: Caro-Kann: Advance Variation.} Nd7 7. Bd3 Ngf6 8. O-O Bd6 9. Na3 Bxa3 10. bxa3 {[#]} h6 $146 ({Predecessor:} 10... O-O 11. Rb1 Qc7 12. h3 Bh5 13. Bg5 Rfe8 14. g4 Bg6 15. Bxf6 Nxf6 16. Nxe5 Rxe5 17. dxe5 Qxe5 {½-½ (67) Baskin,R (2392)-Swapnil,S (2495) Chess.com INT 2021}) 11. Rb1 {Black did not feel at home in the position after the opening.  Weighted Error Value: White=0.06 (flawless) /Black=0.08 (flawless)} 1-0